00385nam a2200145Ia 4500003000400000005001700004008004100021040001800062041000800080100003700088110001700125245004000142260002000182710003700202OSt20260316142249.0211028s2015 xx 000 0 und d cAIMIT LIBRARY aeng aM, Rashmi;Kumar, Rakesh.g121765 aRakesh Kumar aCenter for health and development / aMangalorec2015 aPrime Focus Technologies Pvt Ltd